000 00452cam a22001097a 4500
008 180718b xxu||||| |||| 00| 0 eng d
082 _aR22x5 4 In2t/2
245 _aReport of the second central wage board for the cotton textile Industry
_cby Ministry of Labour, Employment and Rehabilitation
260 _aDelhi
_bGovernment of India
_c
300 _a189p P Content : Library has 1968, 1969
700 _aIndia. Ministry of Labour, Employment and Rehabilitation
999 _c495952
_d495952